000 01049nam a2200229 i 4500
001 69106
003 ES-MaACL
005 20250827051622.0
007 t|
008 040910s1884 sp ||||1| spa d
245 0 0 _aYaravíes, cáchuas, láuchas, tonos y bailes quiteños y peruanos /
_ccoleccionados y presentados al Congreso de Americanistas de Madrid por Marcos Jiménez de la Espada en 1881.
260 _aMadrid :
_b[s.n.],
_c1884 (
_fFortanet)
300 _aLXXXII p., 1 h. ;
_c21 cm.
500 _aLa cubierta hace de portada.
500 _aContiene la música y la letra.
650 4 _aMúsica popular-
_zPerú.
_9151192
650 4 _aMúsica popular-
_zEcuador.
_9151193
700 1 _aJiménez de la Espada, Marcos,
_d1831-1898
_9222553
711 2 _aCongreso Internacional de Americanistas
_n(4º.
_d1881.
_cMadrid)
_9148029
852 _aES-MaACL
_jT-429-F-18
_q. - Ejemplar falto de portada
_z.- Enc. hol. falto de la cub. original
_z.- Dedicatoria manuscrita de José Inzengal al Ateneo de Madrid
999 _c69106
_d69106